Platón

Na minha lista:
Detalhes bibliográficos
Autor principal: Sciacca, Michele Federico (Author)
Formato: Livro
Idioma:espanhol
Publicado em: Buenos Aires Troquel 1959
Assuntos:
Tags: Adicionar Tag
Sem tags, seja o primeiro a adicionar uma tag!

MARC

LEADER 00000nam a2200000 a 4500
001 UCU2451
003 CL-VaPUC
008 960426e19590000AG |||||||||||||||||spa|d
082 0 4 |a 184  |b SCI  |2 21 
100 0 |a Sciacca, Michele Federico  |e author  |9 358535 
245 1 0 |a Platón 
300 |a 406 p 
942 |c BK 
945 |d 19960426 00:00:00  |a rleighto 
260 |a Buenos Aires  |b Troquel  |c 1959 
600 0 7 |a PLATON  |2 CL-VaPUC  |9 222 
650 0 |a Filosofía antigua   |9 255705 
650 0 |a Platonismo  |9 265673 
583 |a last modification  |c 19960426 00:00:00  |k Rodrigo Vera 
999 |c 246744  |d 246742 
952 |0 0  |1 0  |4 0  |6 184_000000000000000_SCI_1959  |7 0  |8 P  |9 261938  |a BIBEDU  |b BIBEDU  |c BIBEDU_PB  |d 2019-11-19  |i 3123448  |l 2  |o 184 SCI 1959  |p 3123448  |r 2024-01-25  |s 2023-05-29  |w 2019-11-19  |y BK  |k FIL